Armand-Louis de Gontaut, duc de Biron, correspondence, (Record no. 41536)

MARC details
000 -LEADER
fixed length control field 01088cpcaa2200265 4500
001 - CONTROL NUMBER
control field mm 79004447
003 - CONTROL NUMBER IDENTIFIER
control field DLC
005 - DATE AND TIME OF LATEST TRANSACTION
control field 20260227111646.0
008 - FIXED-LENGTH DATA ELEMENTS--GENERAL INFORMATION
fixed length control field 790601|||||||||||| fre
010 ## - LIBRARY OF CONGRESS CONTROL NUMBER
LC control number mm 79004447
040 ## - CATALOGING SOURCE
Original cataloging agency DLC
Transcribing agency DLC
Description conventions dacs
Modifying agency DLC
072 #7 - SUBJECT CATEGORY CODE
Subject category code C
Source lcmd
100 1# - MAIN ENTRY--PERSONAL NAME
Personal name Biron, Armand-Louis de Gontaut,
Titles and words associated with a name duc de,
Dates associated with a name 1747-1793.
245 00 - TITLE STATEMENT
Title Armand-Louis de Gontaut, duc de Biron, correspondence,
Inclusive dates 1782.
300 ## - PHYSICAL DESCRIPTION
Extent 2
Type of unit items.
506 0# - RESTRICTIONS ON ACCESS NOTE
Terms governing access Open to research.
533 ## - REPRODUCTION NOTE
Type of reproduction Negative photocopies.
Place of reproduction [S.l.].
533 ## - REPRODUCTION NOTE
Type of reproduction Negative photocopies produced from originals with permission of Walter B. Beals.
Place of reproduction Washington, D.C. :
Agency responsible for reproduction Library of Congress Photoduplication Service,
Date of reproduction 1935.
545 0# - BIOGRAPHICAL OR HISTORICAL DATA
Biographical or historical data French army officer.
546 ## - LANGUAGE NOTE
Language note Collection material in French.
580 ## - LINKING ENTRY COMPLEXITY NOTE
Linking entry complexity note Forms part of: Miscellaneous Manuscripts collection.
656 #7 - INDEX TERM--OCCUPATION
Occupation Army officers, French.
Source of term itoamc

No items available.

Powered by Koha